| 000 | 00769nas a2200241 4500 | ||
|---|---|---|---|
| 001 | BR2013009357 | ||
| 003 | BR-BrBNA | ||
| 005 | 20231205123329.0 | ||
| 007 | ta | ||
| 008 | 230509b bl.|||p| |||| 00| 00por d | ||
| 040 |
_aBR-BrBNA _bpor _cBiblioteca Nacional de Agricultura |
||
| 041 | _a(En) | ||
| 072 | _aF70 | ||
| 100 | 1 | _aGastauer, M. | |
| 100 | 1 | _aMeira Neto, J.A.A. | |
| 245 | 1 | _aCommunity dynamics in a species-rich patch of old growth forest in a global changing scenario | |
| 650 | _aDINAMICA POPULACIONAL | ||
| 650 | _aPRODUÇÃO FLORESTAL | ||
| 650 | _aHABITAT | ||
| 773 | 0 |
_tActa Botanica Brasilica (Brazil) _xISSN 0102-3306 _g(Apr-Jun 2013), v. 27(2) p. 270-285 _wBR2013009357 |
|
| 909 |
_a202311 _bLúcia _c55 _dLúcia Elande |
||
| 942 |
_2AGRIS _n0 _cANA |
||
| 999 |
_c233357 _d233357 |
||